zpět

Detail výsledku týmu

Rockle Klub, České Budějovice

Datum a čas kvízu

26 Celkem bodů Celkový počet nahraných bodů na tomto kvízu bez doplňovacích otázek.
6. Pořadí na kvízu Konečné umístění týmu na tomto kvízu.

Zaznamenané odpovědi

# Otázka Odpověď Body Výsledky
1. V pátek byl prezidentem republ... Josef Baxa 0
2. Na Ukrajině v pondělí započala... (Matka) Ukrajina 1
3. Minulý týden proběhla akce naz... C) kojení 1
4. Minulý týden jsme mohli na noč... červený 1
5. Velký sportovní úspěch si přip... v basketbalu 0
6. Karel Veliký přijal císařskou... C 0
7. Charakter příběhů povídkového... C 1
8. Třetí pražský arcibiskup byl p... D 1
9. V roce 1818 byl poprvé vydán r... Frankenstein 0
10. Doktor Edward Jenner přišel ko... očkování 0